El aire de tu sombra /
Gespeichert in:
| 1. Verfasser: | |
|---|---|
| Weitere Verfasser: | , |
| Format: | Elektronisch E-Book |
| Sprache: | Spanisch |
| Veröffentlicht: |
Aranjuez (Madrid) :
Ediciones Doce Calles,
[1991]
|
| Schlagworte: | |
| Online-Zugang: | Digitalia Hispánica |
| Tags: |
Tag hinzufügen
Keine Tags, Fügen Sie den ersten Tag hinzu!
|
MARC
| LEADER | 00000nam a2200000Ii 4500 | ||
|---|---|---|---|
| 001 | DIGDOCEC0291 | ||
| 003 | NyNyDIG | ||
| 006 | m o d | ||
| 007 | cr ||||||||||| | ||
| 008 | 250404s1991 sp a o 000 p spa d | ||
| 035 | |a (OCoLC)1513491141 | ||
| 040 | |a DGITA |b eng |e rda |e pn |c DGITA | ||
| 020 | |z 9788487111099 | ||
| 050 | 1 | 4 | |a PQ6668.A397 ebook |
| 100 | 1 | |a Ramos Domingo, José, |e author. | |
| 245 | 1 | 3 | |a El aire de tu sombra / |c José Ramos Domingo ; prólogo, Cecilio Fernández Bustos ; acuarelas, Joaquín Domingo Agüera. |
| 264 | 1 | |a Aranjuez (Madrid) : |b Ediciones Doce Calles, |c [1991] | |
| 300 | |a 1 online resource : |b illustrations. | ||
| 336 | |a text |b txt |2 rdacontent | ||
| 337 | |a computer |b c |2 rdamedia | ||
| 338 | |a online resource |b cr |2 rdacarrier | ||
| 347 | |a text file |2 rdaft | ||
| 347 | |b PDF | ||
| 588 | 0 | |a Online resource; title from PDF title page (Digitalia, viewed April 4, 2025) | |
| 655 | 7 | |a Poetry. |2 lcgft | |
| 700 | 1 | |a Fernandez Bustos, Cecilio, |e contributor agent of text. | |
| 700 | 1 | |a Domingo Agüera, Joaquín, |e illustrator. | |
| 791 | 2 | |a Digitalia (Firm), |e distributor. | |
| 793 | 0 | |g Digitalia eBook Collection: |a Ediciones Doce Calles | |
| 776 | 0 | 8 | |i Print version: |a Ramos Domingo, José. |t Aire de tu sombra. |d Aranjuez (Madrid) : Ediciones Doce Calles, [1991] |z 9788487111099 |
| 856 | 4 | 0 | |3 Digitalia Hispánica |u https://digitalia.unach.elogim.com/a/171273/ |
| 910 | |a Premium collection: 2025 | ||